| 000 | 02052cam a2200469 i 4500 | ||
|---|---|---|---|
| 999 |
_c5293 _d5293 |
||
| 001 | 20452202 | ||
| 003 | OSt | ||
| 005 | 20250902143230.0 | ||
| 008 | 180413t20182018nyua d 000 1 eng c | ||
| 010 | _a 2018016855 | ||
| 020 | _a9781338582178 | ||
| 040 |
_aNJQ/DLC _beng _cNJQ _erda _dDLC _dKH8 |
||
| 082 | _aFIC PRI | ||
| 100 | 1 |
_aPriest, Cherie, _eauthor. |
|
| 245 | 1 | 4 |
_aThe agony house / _cby Cherie Priest ; illustrated by Tara O'Connor. |
| 264 | 1 |
_aNew York : _bArthur A. Levine Books, an imprint of Scholastic Inc., _c2018. |
|
| 264 | 4 | _c©2018 | |
| 300 |
_a256 pages : _bcolor illustrations ; _c22 cm |
||
| 336 |
_atext _2rdacontent |
||
| 337 |
_aunmediated _2rdamedia |
||
| 338 |
_avolume _2rdacarrier |
||
| 520 | _aSeventeen-year-old Denise Farber, her mom, and her stepfather are moving back to New Orleans, into the Argonne house, which is over 100 years old, and really showing its age, but which her mother plans to turn into a bed-and-breakfast--but old houses have histories, and sometimes ghosts, and a mysterious old comic book that Denise finds in the attic may hold the answer to a crime and the terrifying things that keep happening in what she thinks of as the "Agony" house. | ||
| 650 | 0 | _aGhost stories. | |
| 650 | 0 |
_aHaunted houses _zLouisiana _zNew Orleans _vJuvenile fiction. |
|
| 650 | 0 |
_aMurder _zLouisiana _zNew Orleans _vJuvenile fiction. |
|
| 650 | 0 |
_aComic books, strips, etc. _vJuvenile fiction. |
|
| 650 | 0 | _aDetective and mystery stories. | |
| 650 | 1 | _aMystery and detective stories. | |
| 650 | 1 |
_aGhosts _vFiction. |
|
| 650 | 1 |
_aHaunted houses _vFiction. |
|
| 650 | 1 |
_aMurder _vFiction. |
|
| 650 | 1 |
_aCartoons and comics _vFiction. |
|
| 651 | 0 |
_aNew Orleans (La.) _vJuvenile fiction. |
|
| 651 | 1 |
_aNew Orleans (La.) _vFiction. |
|
| 655 | 7 |
_aDetective and mystery fiction. _2lcgft |
|
| 655 | 7 |
_aGhost stories. _2lcgft |
|
| 700 | 1 |
_aO'Connor, Tara, _eillustrator. |
|
| 700 | 1 |
_aKlein, Cheryl, _eeditor. |
|
| 700 | 1 |
_aThomas, Nick, _eeditor. |
|
| 700 | 1 |
_aFalco, Phil, _edesigner. |
|
| 942 |
_2ddc _cFIC |
||